Statistics for 山东省县级行政区划

Click here to take the quiz!

General Stats

  • This quiz has been taken 2 times
  • The average score is 37 of 136

Answer Stats

HintAnswer% Correct
济南市历下区
100%
济南市莱芜区
100%
聊城市阳谷县
100%
菏泽市东明县
100%
济南市历城区
100%
德州市乐陵市
50%
潍坊市临朐县
50%
德州市临邑县
50%
德州市齐河县
50%
德州市平原县
50%
德州市夏津县
50%
德州市武城县
50%
德州市禹城市
50%
德州市宁津县
50%
烟台市莱州市
50%
烟台市莱阳市
50%
日照市五莲县
50%
烟台市蓬莱区
50%
聊城市茌平区
50%
济南市槐荫区
50%
德州市庆云县
50%
德州市陵城区
50%
聊城市东阿县
50%
济宁市邹城市
50%
威海市乳山市
50%
泰安市肥城市
50%
泰安市新泰市
50%
泰安市东平县
50%
泰安市岱岳区
50%
泰安市泰山区
50%
济宁市曲阜市
50%
潍坊市寿光市
50%
济宁市梁山县
50%
济南市长清区
50%
临沂市兰陵县
50%
枣庄市 | 济南市市中区
50%
济宁市微山县
50%
德州市德城区
50%
聊城市莘县
50%
聊城市东昌府区
50%
聊城市冠县
50%
青岛市市北区
50%
聊城市高唐县
50%
青岛市即墨区
50%
菏泽市巨野县
50%
菏泽市郓城县
50%
菏泽市鄄城县
50%
青岛市黄岛区
50%
青岛市市南区
50%
菏泽市成武县
50%
济南市商河县
50%
济南市平阴县
50%
济南市钢城区
50%
济南市天桥区
50%
济南市济阳区
50%
济南市章丘区
50%
青岛市胶州市
50%
日照市莒县
50%
青岛市莱西市
50%
菏泽市曹县
50%
聊城市临清市
50%
淄博市博山区
50%
淄博市临淄区
50%
菏泽市定陶区
50%
菏泽市牡丹区
50%
东营市东营区
50%
菏泽市单县
50%
枣庄市滕州市
50%
临沂市郯城县
0%
临沂市兰山区
0%
临沂市罗庄区
0%
临沂市河东区
0%
临沂市沂南县
0%
滨州市滨城区
0%
滨州市无棣县
0%
滨州市沾化区
0%
滨州市惠民县
0%
滨州市阳信县
0%
滨州市博兴县
0%
临沂市沂水县
0%
滨州市邹平市
0%
临沂市费县
0%
临沂市平邑县
0%
临沂市蒙阴县
0%
临沂市临沭县
0%
临沂市莒南县
0%
济宁市汶上县
0%
日照市岚山区
0%
枣庄市薛城区
0%
烟台市福山区
0%
烟台市芝罘区
0%
东营市广饶县
0%
东营市利津县
0%
东营市垦利区
0%
东营市河口区
0%
枣庄市山亭区
0%
枣庄市台儿庄区
0%
枣庄市峄城区
0%
淄博市沂源县
0%
烟台市莱山区
0%
淄博市高青县
0%
淄博市桓台县
0%
淄博市周村区
0%
淄博市张店区
0%
淄博市淄川区
0%
青岛市平度市
0%
青岛市城阳区
0%
青岛市李沧区
0%
青岛市崂山区
0%
烟台市牟平区
0%
烟台市龙口市
0%
日照市东港区
0%
潍坊市昌邑市
0%
威海市荣成市
0%
威海市文登区
0%
威海市环翠区
0%
泰安市宁阳县
0%
济宁市泗水县
0%
济宁市嘉祥县
0%
济宁市鱼台县
0%
济宁市兖州区
0%
济宁市任城区
0%
潍坊市高密市
0%
烟台市招远市
0%
潍坊市安丘市
0%
潍坊市诸城市
0%
潍坊市青州市
0%
潍坊市昌乐县
0%
潍坊市奎文区
0%
潍坊市坊子区
0%
潍坊市寒亭区
0%
潍坊市潍城区
0%
烟台市海阳市
0%
烟台市栖霞市
0%
济宁市金乡县
0%

Score Distribution

Percentile by Number Answered

Percent of People with Each Score

Your Score History

You have not taken this quiz